Random Signal Processing

Salvato in:
Dettagli Bibliografici
Autore principale: Mix, Dwight F.
Natura: Libro
Lingua:inglese
Pubblicazione: Englewood Cliffs Prentice Hall 1995
Edizione:1. ed.
Soggetti:
Tags: Aggiungi Tag
Nessun Tag, puoi essere il primo ad aggiungerne!!

MARC

LEADER 00000nam a2200000 4500
001 c014262
005 20221205133446.1
020 |a 0-02-381852-2 
041 0 |a eng 
044 |a US 
245 1 0 |a Random Signal Processing  |c Dwight F. Mix 
250 |a 1. ed. 
264 1 |a Englewood Cliffs  |b Prentice Hall  |c 1995 
300 |a 450 s. 
610 2 0 |a metódy štatistické 
610 2 0 |a spracovanie dát 
610 2 0 |a počítače 
100 1 |a Mix, Dwight F.